Pays les plus proches de l'Ukraine - Statistiques

Statistiques générales
  • Ce quiz a été pris 144 fois
  • Le résultat moyen est 15 sur 20
Statistiques - réponses
km pays % Correct
0 Russie
99%
0 Biélorussie
96%
0 Pologne
92%
0 Roumanie
88%
0 Slovaquie
85%
0 Hongrie
84%
148 Bulgarie
83%
0 Moldavie
83%
220 Lituanie
80%
467 Lettonie
77%
285 Serbie
76%
469 Slovénie
73%
365 Turquie
73%
372 Autriche
70%
432 Grèce
68%
368 Croatie
65%
264 Tchèquie
65%
417 Géorgie
62%
436 Bosnie- Herzégovine
58%
468 Kazakhstan
31%
Aucun quiz correspondant
Distribution des résultats
% des personnes avec chaque résultat
Percentile par nombre de réponses
Votre historique - résultats
Vous n’avez pas pris ce quiz